| 000 | 00000nam##2200000za#4500 |
| 001 | 9.696892 |
| 003 | CaOODSP |
| 005 | 20210624235234 |
| 007 | cr ||||||||||| |
| 008 | 150407|2005||||xxc|||||o f|0| 0 eng|d |
| 040 | |aCaOODSP|beng |
| 043 | |an-cn--- |
| 086 | 1 |aE97-74/2005E-PDF |
| 110 | 1 |aCanada.|bInternational Development Research Centre. |
| 245 | 10|aQualitative research for tobacco control : |h[electronic resource]|ba how-to introductory manual for researchers and development practitioners / |c[by] Research for International Tobacco Control (RITC). |
| 260 | |aOttawa - Ontario : |bInternational Development Research Centre |cc2005. |
| 300 | |a192p.|bfigs., graphs, references, tables |
| 590 | |a12-41-Supp|b2012-11-07 |
| 690 | 07|aResearch|2gcpds |
| 690 | 07|aSmoking prevention|2gcpds |
| 856 | 40|ahttp://publications.gc.ca|qPDF|s6.94 MB|uhttps://publications.gc.ca/collections/collection_2012/crdi-idrc/E97-74-2005-eng.pdf |